An outline of the Epistle to the Romans. (Record no. 5679)

000 -LEADER
fixed length control field 00604nam a2200181 a 4500
001 - CONTROL NUMBER
control field :::00003421$&:&@@
003 - CONTROL NUMBER IDENTIFIER
control field OkBaRHE
005 - DATE AND TIME OF LATEST TRANSACTION
control field 20000607103305.0
008 - FIXED-LENGTH DATA ELEMENTS--GENERAL INFORMATION
fixed length control field j 000 0 eng u
040 ## - CATALOGING SOURCE
Transcribing agency
100 1# - MAIN ENTRY--PERSONAL NAME
Personal name Coates, C. A.
245 13 - TITLE STATEMENT
Title An outline of the Epistle to the Romans.
260 ## - PUBLICATION, DISTRIBUTION, ETC. (IMPRINT)
Place of publication, distribution, etc Newport, MT., :
Name of publisher, distributor, etc Stow Hill Bible and Publishing Office
Date of publication, distribution, etc cnd
300 ## - PHYSICAL DESCRIPTION
Extent 245 p. ;
Dimensions 19 cm.
650 ## - SUBJECT ADDED ENTRY--TOPICAL TERM
Topical term or geographic name as entry element Bible New Testament Romans
General subdivision Criticism, Interpretation, etc.
942 ## - ADDED ENTRY ELEMENTS (KOHA)
Source of classification or shelving scheme
Koha item type Books
Copies
Withdrawn status Full call number Source of classification or shelving scheme Date last seen Koha item type Lost status Permanent Location Damaged status Date acquired Shelving location Not for loan Barcode Price effective from Copy number
 BS 2665 .C573 2018-03-28Books RHEMA Bible Training College 2010-04-14General Stacks 34212010-04-141